Dodgers... or Giants? - Statistics

General Stats
  • This quiz has been taken 78 times
    77 since last reset
  • The average score is 7 of 10
Answer Stats
Question Answer % Correct
Won the 2020 World Series Dodgers
100%
Plays their home games at Oracle Park Giants
100%
Willie Mays played on this team Giants
89%
Has never won a World Series Neither
89%
Christian Yelich has been on this team Neither
89%
Played in New York at one point Both
78%
Has lost more World Series Dodgers
67%
Randy Johnson played on this team Giants
61%
Played in the Polo Grounds at one point Both
39%
Has won more World Series Giants
17%
No matching quizzes found
Score Distribution
Percent of People with Each Score
Percentile by Number Answered
Your Score History
You have not taken this quiz since the last reset